| 000 | 00820nam a22002297i 4500 | ||
|---|---|---|---|
| 999 |
_c22960 _d22960 |
||
| 003 | AR-CdUCM | ||
| 008 | 240802b20212021 pe||||| |||| 00| 0 spa d | ||
| 040 |
_aMUNICIPALIDAD PROVINCIAL DEL CUSCO _cBIBLIOTECA MUNICIPAL DEL CUSCO |
||
| 041 | _hspa | ||
| 082 |
_aPI / 376.36 / S97P _bS97P |
||
| 100 |
_aFundación Suyana. _950112 |
||
| 245 |
_aColorín Colorado "Plantas Medicinales" : María y Juanito / _bComo ser un niño yachaq y como ayudar a mi comunidad |
||
| 260 |
_aCusco : _c2021. |
||
| 300 |
_a24 páginas. : _c30 cm. _eIlustrado. |
||
| 505 | _aAjo -- Eucalipto -- Malva -- Muña -- Panti Panti -- Molle | ||
| 650 |
_aTexto infantil _929090 |
||
| 650 |
_aRazonamiento verbal _950129 |
||
| 650 |
_aPlantas medicinales _914338 |
||
| 856 | _fwww.suyana.org | ||
| 942 |
_2ddc _cLIBROS |
||
| 945 |
_apbj _d2024-08-02 |
||